[Event "62.HEM 2008, Gruppe D"]
[Site "Hanau"]
[Date "2008.03.22"]
[Round "4.29"]
[White "Mainka, Walter"]
[Black "Cimen, Merih"]
[Result "1-0"]
[WhiteElo "1540"]
[BlackElo "1556"]
[PlyCount "35"]
[EventDate "2008.??.??"]

1. d4 Nf6 2. c4 g6 3. Nc3 c5 4. e3 Bg7 5. Nf3 O-O 6. Be2 d6 7. O-O e6 8. Qc2
Nc6 9. a3 Qb6 10. Rd1 Na5 11. dxc5 dxc5 12. Nb5 a6 13. Rd6 Qxd6 14. Nxd6 Rd8
15. Ne4 Nxe4 16. Qxe4 Bd7 17. Qc2 Bc6 18. Bd2 1-0